00617nam a2200193Ia 4500008004100000020000700041082001400048100002100062245005500083250000700138260004400145300002800189500001900217600003300236650002400269942000700293952010800300999001500408240925s9999 xx 000 0 und d aNA a612.8 DEN aHoward, Demuth - 0aNeural Network: toolbox for use matlab users guide aNA aCalifornia:bThe Math work incc,1992. axii,304p.bNAfOriginal aIncludes Index aHumanities & Natural Science aMedicine and health cBK 001040708SSaUITUbUITUd1998-02-12eF.B.Cl0o612.8 DENpQ1820r2024-09-25 07:12:34w2024-09-25yBK c4319d4319